Data Communication and Networks (Record no. 2476)

MARC details
000 -LEADER
fixed length control field 00437nam a22001817a 4500
005 - DATE AND TIME OF LATEST TRANSACTION
control field 20180227142524.0
008 - FIXED-LENGTH DATA ELEMENTS--GENERAL INFORMATION
fixed length control field 160613b xxu||||| |||| 00| 0 eng d
020 ## - INTERNATIONAL STANDARD BOOK NUMBER
ISBN 978-0-07107770-5
041 ## - LANGUAGE CODE
Language code of text/sound track or separate title eng
082 ## - DEWEY DECIMAL CLASSIFICATION NUMBER
Item number 7139
Classification number 004.6
100 ## - MAIN ENTRY--AUTHOR NAME
Personal name Godbole A.S & Kahate A
245 ## - TITLE STATEMENT
Title Data Communication and Networks
250 ## - EDITION STATEMENT
Edition statement 2nd ed,
260 ## - PUBLICATION, DISTRIBUTION, ETC. (IMPRINT)
Name of publisher TMH
300 ## - PHYSICAL DESCRIPTION
Number of Pages 540
650 ## - SUBJECT ADDED ENTRY--TOPICAL TERM
Topical Term Information Technology
942 ## - ADDED ENTRY ELEMENTS (KOHA)
Koha item type Books
Holdings
Lost status Damaged status Collection code Home library Current library Shelving location Date acquired Source of acquisition Cost, normal purchase price Full call number Accession Number Koha item type
    CS/IT JRU Library JRU Library SHELF-49-H 13/06/2016 PURCHASE 530.00 004.6 7139 Books
    CS/IT JRU Library JRU Library SHELF-49-H 13/06/2016 PURCHASE 530.00 004.6 7140 Books
    CS/IT JRU Library JRU Library SHELF-49-H 13/06/2016 PURCHASE 530.00 004.6 7141 Books
    CS/IT JRU Library JRU Library SHELF-49-H 13/06/2016 PURCHASE 530.00 004.6 7142 Books
      JRU Library   SHELF-2-G 13/06/2016   530.00 004.6 7143 Books